000 00824nam a2200205Ia 4500
999 _c64752
_d64752
003 GCL
005 20240530110748.0
008 140319s9999 xx 000 0 ara d
040 _aGCL /
_cGCL
082 0 4 _a615.882 \
_bس ت
100 1 _aسعاد عثمان
245 1 2 _aتقارير بحث التراث والتغير الاجتماعى الكتاب الثامن الطب الشعبى :
_bدراسة فى اتجاهات التغير الاجتماعى فى المجتمع المصرى /
_cسعاد عثمان
250 _aط.1
260 _aالقاهرة :
_bمركز البحوث والدراسات الاجتماعية ،
_c2002
300 _a236 ص. ؛
_c24 سم
650 0 4 _aالطب الشعبى
650 0 4 _aالنباتات الطبية
650 0 4 _aالادوية القديمة
942 _2ddc
_cBK